Paroles - Contre ceux d'en haut - Le Roi Soleil - Statistiques

Statistiques générales
  • Ce quiz a été pris 17 fois
  • Le résultat moyen est 260 sur 315
Statistiques - réponses
Réponse % Correct
A
100%
à
100%
a
100%
ce
100%
ces
100%
c'est
100%
C'est
100%
ceux
100%
Contre
100%
contre
100%
d'
100%
de
100%
en
100%
faut
100%
haut
100%
il
100%
l'
100%
le
100%
n'
100%
on
100%
On
100%
qu'
100%
s'
100%
devons
90%
face
90%
faire
90%
ils
90%
leur
90%
notre
90%
nous
90%
place
90%
que
90%
sa
90%
Un
90%
un
90%
Au
80%
et
80%
Je
80%
je
80%
la
80%
les
80%
main
80%
ont
80%
Pour
80%
qui
80%
une
80%
aura
70%
bas
70%
choix
70%
ego
70%
est
70%
fait
70%
gagnera
70%
jour
70%
justice
70%
loi
70%
meilleur
70%
ne
70%
nom
70%
nos
70%
pas
70%
sans
70%
se
70%
suis
70%
taire
70%
voix
70%
blé
60%
couronne
60%
cris
60%
dernier
60%
Des
60%
dit
60%
du
60%
fer
60%
gens
60%
nues
60%
prières
60%
sous
60%
vient
60%
cent
50%
champs
50%
croix
50%
étrangle
50%
fois
50%
franchir
50%
gant
50%
mains
50%
mur
50%
nouvelle
50%
quand
50%
récupère
50%
reste
50%
serre
50%
ses
50%
sourds
50%
tous
50%
voie
50%
air
40%
autre
40%
briser
40%
cimetière
40%
coulant
40%
doigts
40%
écho
40%
entre
40%
finit
40%
injustice
40%
noeud
40%
ouvert
40%
relève
40%
soie
40%
sur
40%
terre
40%
bras
30%
pied
30%
pillés
30%
souffle
30%
ère
20%
perd
20%
Aucun quiz correspondant
Distribution des résultats
% des personnes avec chaque résultat
Percentile par nombre de réponses
Votre historique - résultats
Vous n’avez pas pris ce quiz